MDQL
is popping MORE tags! Check the
thread
!
Quizzes
Events
Quiz Creation
Community
Videos
Private Events
Remove Ads
Sign In
Join for FREE
Feedback
Dark Mode
Quiz Categories
Sports
Geography
Music
Movies
Television
Just For Fun
Miscellaneous
History
Literature
Language
Science
Gaming
Entertainment
Religion
Holiday
For Kids
Quiz Lab
Recent
Popular Today
Quiz Kudos Today
Editor Picks
Curator Picks
Quizzes by...
Day
Popularity
Type
Ratings
Length
Year
Community
Subscriptions
Recent Discussions
Orange Saloon
Badges
Playlists
Quests
Create
Leaderboards
Showdown
Live 5
Trivia Bingo
Activity
Puzzle Library
Sporcle Events
Private Events
Virtual Trivia
Globe League
Become a Host
Pub Owners
SporcleCon
Opinionation
Our Games
Videos
Blog
Mobile Apps
Partnerships
Remove Ads and Go Orange
Feedback
Music
Pop Music
The Beatles
Song
Album
Lyrics
Bands
Singers
Artist
Clip
Rock
Rap
Classical
Billboard
Country Music
Kpop
Taylor Swift
Music
Pop Music
The Beatles
Song
Album
Lyrics
Bands
Singers
Artist
Clip
Rock
Rap
Classical
Billboard
Country Music
Kpop
Taylor Swift
Random Quiz
Search Sporcle
×
Quiz Lab
Quiz Lab
Music
Rock
Type in answers that appear in a list
Type in answers that appear in a list
Classic
Best Score? Go Orange.
Lyrics: I'd Love to Change the World by Ten Years After Stats
Can you name the lyrics to 'I'd Love to Change the World' by Ten Years After?
By
Boriska
7m
129 Questions
81 Plays
81 Plays
81 Plays
Comments
Comments
Give Quiz Kudos
Give Quiz Kudos
-
- Ratings
hide this ad
Replay
Link that replays current quiz
Next Quiz
Link to next quiz in quiz playlist
You Got
0%
They Got
Avg Score
74%
Avg Friend Score
Upgrade to see
Score Distribution
Jump to the score distribution portion of the page
Score
0/129
Timer
07:00
0
Plays Today
% Correct
I
100%
I
100%
I
100%
the
98.8%
the
98.8%
love
98.8%
to
98.8%
change
98.8%
the
98.8%
world
98.8%
to
98.8%
to
98.8%
love
98.8%
to
98.8%
change
98.8%
world
98.8%
the
98.8%
to
98.8%
to
98.8%
World
98.8%
the
98.8%
love
98.8%
to
98.8%
change
98.8%
the
98.8%
world
98.8%
to
98.8%
to
98.8%
I'd
97.5%
I'd
97.5%
I'd
97.5%
But
96.3%
do
96.3%
But
96.3%
do
96.3%
But
96.3%
do
96.3%
know
95.1%
don't
95.1%
what
95.1%
don't
95.1%
know
95.1%
what
95.1%
% Correct
don't
95.1%
know
95.1%
what
95.1%
no
92.6%
no
92.6%
it
92.6%
it
92.6%
no
92.6%
it
92.6%
So
90.1%
leave
90.1%
up
90.1%
you
90.1%
So
90.1%
leave
90.1%
up
90.1%
you
90.1%
So
90.1%
leave
90.1%
up
90.1%
you
90.1%
I'll
88.9%
I'll
88.9%
I'll
88.9%
poor
82.7%
more
82.7%
more
82.7%
poor
82.7%
is
81.5%
is
81.5%
rich
81.5%
rich
81.5%
is
81.5%
Rich
81.5%
Feed
80.2%
and
79%
and
79%
there
79%
are
79%
are
79%
and
79%
and
79%
Tax
70.4%
% Correct
Till
69.1%
on
67.9%
me
66.7%
Everywhere
66.7%
where
65.4%
freaks
59.3%
Tell
59.3%
fairies
58%
sanity
56.8%
Dykes
53.1%
Population
53.1%
keeps
50.6%
hairies
43.2%
make
42%
Who
42%
or
42%
war
42%
honey
40.7%
There's
40.7%
funny
39.5%
Bees
39.5%
Life
38.3%
sunny
38.3%
Stop
38.3%
Skies
37%
solution
37%
breeding
35.8%
money
35.8%
bleeding
34.6%
Nation
33.3%
Still
30.9%
needs
29.6%
pollution
29.6%
feeding
28.4%
Institution
21%
Just
21%
black
19.8%
white
19.8%
us
19.8%
electrocution
18.5%
economy
17.3%
monopoly
17.3%
Them
17.3%
Quiz Playlist
Details
Report
Send in Message
Add To Playlist
Classic:
Type in answers that appear in a list
Last Updated: Feb 16, 2017
Quiz Scoreboard
CHALLENGE
Sign Up to Join the Scoreboard
Show All
Scores
Hide
Comments
May contain spoilers
Recently Published
5x2 Blitz: Bands
by SL_Kpop136
Music
30s
Colored Red Africa Blitz
by spor1
Geography
30s
Find the 'City' Movie
by crazypaving
Movies
60s
More to Explore
Quiz From the Vault
Featured Blog Post
14 Easter Pick-up Lines to Find Eggs With
hide this ad
You Might Also Like...
Tags
Lyrics Quiz
Rock Quiz
Song Quiz
1970s
1971
blues
Psychedelic
Rock Songs
Today's Top Quizzes in Music
Browse Music
hide this ad
Today's Top Quizzes in Rock
Browse Rock
Top Contributed Quizzes in Music
1
5X2 Blitz: Bands II
2
Taylor Swift All Songs (2024)
3
5X2 Blitz: The Beatles
4
5X2 Blitz: Billboard
5
Taylor Swift Logic Puzzle
6
Taylor Swift Logic Puzzle II
7
5X2 Blitz: Album
8
5X2 Blitz: Billboard II
9
Music Artist by Three 2010s hits
10
5X2 Blitz: Rock
Explore More
Trending Topics
Kpop
Harry Potter
NBA
Anime
Crossword
Marvel
Disney
Soccer
Puzzle
NFL
WWE
Pokémon
The Office
Country
Song
hide this ad
More By:
Boriska
Quiz
Plays
Rating
Category
Featured
Created
Lyrics: 'Lithium' by Nirvana
3,710
4.40
Music
Mar 10, 2014
Lyrics: 'You Really Got Me' by The Kinks
3,408
5.00
Music
Feb 22, 2014
Lyrics: 'Some Might Say' by Oasis
2,832
5.00
Music
Apr 6, 2014
Lyrics: 'Roll with It' by Oasis
2,659
5.00
Music
Apr 21, 2014
Lyrics: 'Take Me Out' by Franz Ferdinand
2,388
5.00
Music
Mar 29, 2014
Go to Creator's Profile
Score Distribution
Quiz Creator Spotlight
Boriska
Follow
Send a Message
Quizzes Created
-
Created Quiz Play Count
-
More By This Creator
Popular Quizzes Today
1
Find the 'City' Movie
2
5x2 Blitz: Bands
3
Colored Red Africa Blitz
4
The Countries of the World
5
Find the US States - No Outlines Minefield
6
Find the US States
7
9x9 Crossword: Cartoon Network
8
US States
More Music Quizzes
The Beatles Missing 'A' Words
Published
Trending Quizzes
Colored Red Africa Blitz II
Colored Red Europe Blitz I
Colored Red Africa Blitz III
Colored Red Europe Blitz II
Colored Red Europe Blitz III
Recently Updated
Champions League XIs: Real Madrid
pecheneg
Largest US Cities 1790-2010
pecheneg
Rides in Walt Disney World
pecheneg
Most Oscar Losses (Acting)
pecheneg
Beyoncé Albums
pecheneg
Leaping Animals
pecheneg
Reality TV Shows (A-Z)
bhenderson79
Rickey Henderson's Hall of Fame Teammates
pecheneg
Champions League XIs: Arsenal
pecheneg
Quick Pick: Celebrities in WWE's Hall of Fame
aduchscher
Trending Topics
Disney
Harry Potter
Marvel
Kpop
Anime
Crossword
NBA
Country
Pokémon
The Office
Song
WWE
Puzzle
NFL
Soccer
Your Account Isn't Verified!
In order to create a playlist on Sporcle, you need to verify the email address you used during registration. Go to your
Sporcle Settings
to finish the process.
Report this User
Report this user for behavior that violates our
Community Guidelines
.
Details:
Send Report
Go to the Sporcle.com Mobile Site →
Comments